000 00556nam a2200205 a 4500
001 36044
005 20180714004517.0
008 140415s1995 mx 000 0 spa d
020 _a9684761333
041 _aspa
082 _a370
_bGRA
100 1 _aGRANSCI, ANTONIO
245 1 3 _aLA ALTERNATIVA PEDAGOGICA
250 _a4a ed.
260 _aMEXICO :
_bDISTRIBUCIONES FONTAMARA,
_c1995
300 _a253
490 _aFONTAMARA
_v47
650 1 4 _aPOLITICA Y EDUCACION
_xSOCIOLOGIA DE LA EDUCACION
700 1 _aCRISTOS, CARLOS
_etr.
999 _c36044
_d36044